| 000 | 00484cam a22001814a 4500 | ||
|---|---|---|---|
| 020 | _a0262220601 (hc : alk. paper) | ||
| 040 | _cDLC | ||
| 082 | 0 | 0 | _a338 MIT 1999 A076 Or. |
| 100 | 1 | _aVives, Xavier. | |
| 245 | 1 | 0 |
_aOligopoly pricing : _bold ideas and new tools / |
| 260 |
_aCambridge, Mass. : _bMIT Press, _cc1999. |
||
| 300 |
_axiv, 425 p. : _bill. ; _c24 cm. |
||
| 650 | 0 | _aOligopolies. | |
| 650 | 0 | _aPricing. | |
| 650 | 0 | _aCompetition. | |
| 650 | 0 | _aGame theory. | |
| 942 | _cEK | ||
| 999 |
_c15257 _d15257 |
||